Library Banner

Afzal ul fuwaid = افضل الفوائد : (Record no. 127115)

MARC details
000 -LEADER
fixed length control field 00606nam a22001457a 4500
005 - DATE AND TIME OF LATEST TRANSACTION
control field 20220629103011.0
008 - FIXED-LENGTH DATA ELEMENTS--GENERAL INFORMATION
fixed length control field 220629b ||||| |||| 00| 0 eng d
040 ## - CATALOGING SOURCE
Transcribing agency PK-LaUMT
082 ## - DEWEY DECIMAL CLASSIFICATION NUMBER
Classification number APC 297.36
Item number AME-A
100 ## - MAIN ENTRY--PERSONAL NAME
Personal name Ameer Khusroo Dahlavi = امیر خسرو دہلوی
245 ## - TITLE STATEMENT
Title Afzal ul fuwaid = افضل الفوائد :
Remainder of title ملفوظات محبوب الہی خواجہ نظام الدین اولیا بدایونی /
Statement of responsibility, etc by Ameer Khusroo Dahlavi = امیر خسرو دہلوی ; مترجم محمد لطیف
260 ## - PUBLICATION, DISTRIBUTION, ETC. (IMPRINT)
Place of publication, distribution, etc Lahore :
Name of publisher, distributor, etc Sajjad Publishers,
Date of publication, distribution, etc 1960
300 ## - PHYSICAL DESCRIPTION
Extent 320 p.
942 ## - ADDED ENTRY ELEMENTS (KOHA)
Koha item type Books
Holdings
Withdrawn status Lost status Damaged status Home library Current library Date acquired Full call number Barcode Date last seen Price effective from Koha item type
      UMT Main Campus UMT Main Campus 2022-06-29 APC 297.36 AME-A 143367 2022-06-29 2022-06-29 Books